| 000 | 00678nam a22002177a 4500 | ||
|---|---|---|---|
| 005 | 20260515114934.0 | ||
| 008 | 221121b ||||| |||| 00| 0 eng d | ||
| 020 | _a9788120288065 | ||
| 040 |
_aIN-DiNC _cIN-DiNC |
||
| 041 | _dasm | ||
| 082 |
_a398.0954162 _bASA |
||
| 245 |
_aAsamar lookanritya-natya paramporar gathan ary paribeshya kala/ _cedited by Snigdha Mahanta and Biman Kumar Doley |
||
| 250 | _a1st ed. | ||
| 260 |
_aNagaon: _bDhing College, _c2017. |
||
| 300 | _axiv, 504p. | ||
| 650 | _aTraditional folkdance of Assam | ||
| 650 | _aTraditional drama of Assam | ||
| 700 |
_aMahanta, Snigdha _eEditor |
||
| 700 |
_aDoley, Biman Kumar _eEditor |
||
| 942 |
_2ddc _cBK |
||
| 999 |
_c11428 _d11428 |
||